000 00942cam a2200313 a 4500
001 58257
003 CO-BoRNBP
005 20250820213001.0
007 ta
008 001109s1998 sp a jr 00011dspa d
020 _a8489846308
040 _ala
_cla
041 0 _aspa
043 _ae-uk-en
082 0 4 _aI823.91
_bM17s
_219 ed.
100 1 _aMare, Walter John de la,
_d1873-1956.
_962751
245 1 0 _aSeñor pez /
_cWalter de la Mare ; ilustrado por Patrik Benson.
250 _a1a. edición
300 _a123 p. :
_bil. ;
_c17 cm.
336 _2rdacontent
_atexto
_btxt
337 _2rdamedia
_asin mediación
_bn
338 _2rdacarrier
_avolumen
_bnc
650 7 _aCuentos infantiles ingleses.
_2BLAAUTO
_915884
650 7 _aPescadores
_aCuentos infantiles.
_2BLAAUTO
_962752
700 1 _aBenson, Patrik,
_eil.
_962753
830 0 _aLista Básica-Bibliotécas Públicas 1.
_942791
942 _2ddc
_cBK
949 _an
_bn
999 _c58257
_d58257